Clubs that have played in the Greek Cup Final - Statistics

General Stats
  • This quiz has been taken 29 times
  • The average score is 10 of 14
Answer Stats
Participations Answer % Correct
4 (2W, 2L) OFI
100%
1 (0W, 1L) Asteras Tripolis
93%
2 (0W, 2L) Atromitos
93%
6 (2W, 4L) Panionios
93%
4 (2W, 2L) AEL
86%
5 (1W, 4L) Iraklis
86%
1 (1W, 0L) Kastoria
64%
1 (0W, 1L) Xanthi
64%
3 (0W, 3L) Doxa Dramas
57%
1 (0W, 1L) Ionikos Nikaias
57%
1 (0W, 1L) Athinaicos
50%
1 (1W, 0L) Ethnicos Piraeus
50%
1 (0W, 1L) Apollo Smyrnis
43%
1 (0W, 1L) Pierikos
21%
No matching quizzes found
Score Distribution
Percent of People with Each Score
Percentile by Number Answered
Your Score History
You have not taken this quiz